[Event "96th YMCA Autumn A"]
[Site "Warszawa"]
[Date "2011.12.01"]
[Round "10"]
[White "Kielar, Maciej"]
[Black "Choroszej, Aleksander"]
[Result "1/2-1/2"]
[WhiteElo "2098"]
[BlackElo "2078"]
[Annotator "M"]
[PlyCount "100"]
[EventDate "2011.09.29"]
[EventType "tourn"]
[EventRounds "1"]
[EventCountry "POL"]
[SourceDate "2011.10.02"]

1. e4 g6 2. d4 Bg7 3. Nc3 d6 4. Be3 a6 5. Bc4 b5 6. Bb3 Bb7 7. f3 Nd7 8. Nge2
c5 9. Bd5 Bxd5 10. Nxd5 Ngf6 11. Nxf6+ Bxf6 12. Qd2 O-O 13. h4 cxd4 14. Bxd4
Bxd4 15. Qxd4 Qb6 16. Qd2 h5 17. Nf4 Qc5 18. O-O-O Ne5 19. Nd5 Ra7 20. Qg5 f6
21. Qd2 Rc8 22. Kb1 Kf7 23. Rh3 e6 24. Ne3 Nc4 25. Nxc4 Qxc4 26. c3 Rd7 27. Qh6
Rg8 28. Qe3 b4 29. cxb4 Qxb4 30. Rh2 d5 31. exd5 Rxd5 32. Rc1 Rd7 33. g3 Qd6
34. Re2 e5 35. Rec2 Rb8 36. Qh6 Qd3 37. Ka1 Rbd8 38. Rc6 Rd6 39. Qh7+ Ke6 40.
Rc7 R6d7 41. Rxd7 Rxd7 42. Qg8+ Ke7 43. a3 Qxf3 44. Qg7+ Ke6 45. Qxg6 Rd1 46.
Qe8+ Kf5 47. Qc8+ Kg6 48. Qc2+ Rd3 49. Qc4 Rd1 50. Qg8+ Kh6 $11 1/2-1/2

[Event "96th YMCA Autumn A"]
[Site "Warszawa"]
[Date "2011.12.13"]
[Round "10"]
[White "Delega, Tomasz"]
[Black "Cajbel, Maciej"]
[Result "0-1"]
[WhiteElo "2182"]
[BlackElo "2224"]
[PlyCount "96"]
[EventDate "2011.09.29"]
[EventType "tourn"]
[EventRounds "1"]
[EventCountry "POL"]
[SourceDate "2011.10.02"]

1. e4 c5 2. Nf3 e6 3. d4 cxd4 4. Nxd4 Nc6 5. Nc3 Qc7 6. Be3 a6 7. f4 b5 8. Nxc6
Qxc6 9. Bd3 Nf6 10. e5 b4 11. Ne2 Ng4 12. Qd2 Bb7 13. O-O-O Nxe3 14. Qxe3 Bc5
15. Qd2 Qb6 16. Kb1 Bxg2 17. Ng3 Bxh1 18. Rxh1 g6 19. Ne4 Be7 20. h4 h5 21. Qg2
Ra7 22. Rd1 Qe3 23. Qf1 a5 24. Re1 Qd4 25. Qf3 a4 26. b3 axb3 27. cxb3 O-O 28.
Ng3 Bxh4 29. Ne2 Qf2 30. Qxf2 Bxf2 31. Rf1 Be3 32. Rf3 Bb6 33. Bb5 Ra5 34. Bc4
Rfa8 35. Nc1 Kf8 36. Nd3 Rxa2 37. Nxb4 Rf2 38. Rd3 Rxf4 39. Rxd7 Bd4 40. Nc6
Ra1+ 41. Kc2 Bc5 42. Rd8+ Kg7 43. Rc8 Rf2+ 44. Kd3 Rd1+ 45. Kc3 Rf3+ 46. Kc2
Rg1 47. Bd3 Rf2+ 48. Kc3 Rc1+ 0-1

[Event "96th YMCA Autumn A"]
[Site "Warszawa"]
[Date "2011.11.28"]
[Round "10"]
[White "Liberadzki, Slawomir"]
[Black "Szymczak, Rafal"]
[Result "1-0"]
[WhiteElo "2063"]
[BlackElo "2047"]
[PlyCount "109"]
[EventDate "2011.09.29"]
[EventType "tourn"]
[EventRounds "1"]
[EventCountry "POL"]
[SourceDate "2011.10.02"]

1. e4 d5 2. exd5 Qxd5 3. Nc3 Qd6 4. d4 Nf6 5. Nf3 a6 6. g3 b5 7. Bg2 Bb7 8. O-O
e6 9. Bf4 Qb6 10. a4 Bd6 11. Ne5 Bxg2 12. Kxg2 Qb7+ 13. Qf3 Qxf3+ 14. Kxf3 b4
15. Ne4 Nxe4 16. Kxe4 Nd7 17. Nxd7 Kxd7 18. c4 bxc3 19. bxc3 Bxf4 20. Kxf4 Rab8
21. Rab1 Kd6 22. Ke4 c5 23. c4 Rhd8 24. Rfd1 f5+ 25. Kf4 Rxb1 26. dxc5+ Kc7 27.
Rxb1 Rd4+ 28. Kf3 g5 29. Rb6 g4+ 30. Ke3 e5 31. Rxa6 Rxc4 32. Rf6 Rc3+ 33. Ke2
Rxc5 34. Rxf5 Kd6 35. Rg5 Rc4 36. a5 Kd5 37. a6 Ra4 38. a7 h5 39. Rg7 Ra3 40.
Rb7 Kc6 41. Rh7 Kd5 42. Kf1 Ke4 43. Kg2 Kd5 44. h3 Ke6 45. Rh6+ Kd5 46. Rxh5
gxh3+ 47. Kxh3 Rxa7 48. f4 Ke4 49. Rxe5+ Kf3 50. Kh4 Rg7 51. f5 Rg4+ 52. Kh5
Kxg3 53. f6 Kf4 54. Re4+ Kxe4 55. Kxg4 1-0

[Event "96th YMCA Autumn A"]
[Site "Warszawa"]
[Date "2011.12.05"]
[Round "11"]
[White "Cajbel, Maciej"]
[Black "Liberadzki, Slawomir"]
[Result "1/2-1/2"]
[WhiteElo "2224"]
[BlackElo "2063"]
[Annotator "M"]
[PlyCount "42"]
[EventDate "2011.09.29"]
[EventType "tourn"]
[EventRounds "1"]
[EventCountry "POL"]
[SourceDate "2011.10.02"]

1. e4 c5 2. Nf3 e6 3. d4 cxd4 4. Nxd4 Nc6 5. Nc3 Qc7 6. Be3 a6 7. Qd2 Nf6 8. f3
Bb4 9. a3 Be7 10. O-O-O Ne5 11. g4 h6 12. h4 b5 13. Qg2 Bb7 14. g5 hxg5 15.
hxg5 Rxh1 16. Qxh1 Ng8 17. f4 Nc4 18. Bxc4 Qxc4 19. Qh7 O-O-O 20. Nb1 b4 21. b3
Qc7 $11 1/2-1/2

[Event "96th YMCA Autumn A"]
[Site "Warszawa"]
[Date "2011.12.08"]
[Round "11"]
[White "Choroszej, Aleksander"]
[Black "Delega, Tomasz"]
[Result "0-1"]
[WhiteElo "2078"]
[BlackElo "2182"]
[PlyCount "62"]
[EventDate "2011.09.29"]
[EventType "tourn"]
[EventRounds "1"]
[EventCountry "POL"]
[SourceDate "2011.10.02"]

1. d4 c5 2. d5 d6 3. c4 e5 4. e4 Be7 5. Bd3 Bg5 6. Nc3 Bxc1 7. Rxc1 Ne7 8. h4
a6 9. Nge2 O-O 10. Qd2 Bd7 11. h5 Qe8 12. Ng3 b5 13. h6 g6 14. Nh5 f5 15. Ng7
Qf7 16. Ne6 b4 17. Ne2 Bxe6 18. dxe6 Qxe6 19. exf5 gxf5 20. Qg5+ Ng6 21. g4 e4
22. Nf4 Qe7 23. Qxe7 Nxe7 24. Be2 fxg4 25. Ne6 Rf6 26. Bxg4 Nbc6 27. Rd1 Ne5
28. Bh3 Nd3+ 29. Ke2 Ng6 30. Ng5 Re8 31. Nxe4 Nxf2 0-1

[Event "96th YMCA Autumn A"]
[Site "Warszawa"]
[Date "2011.12.08"]
[Round "11"]
[White "Malec, Sebastian"]
[Black "Kielar, Maciej"]
[Result "1-0"]
[WhiteElo "2148"]
[BlackElo "2098"]
[PlyCount "57"]
[EventDate "2011.09.29"]
[EventType "tourn"]
[EventRounds "1"]
[EventCountry "POL"]
[SourceDate "2011.10.02"]

1. e4 c5 2. Nf3 g6 3. d4 Bg7 4. Nc3 cxd4 5. Nxd4 Nc6 6. Be3 Nf6 7. Bc4 O-O 8.
Bb3 d6 9. f3 Bd7 10. Qd2 Qa5 11. O-O-O Rfc8 12. h4 Ne5 13. h5 Nxh5 14. g4 Nf6
15. Bh6 Bxh6 16. Rxh6 Rxc3 17. Qxc3 Qxc3 18. bxc3 Rc8 19. Kb2 a5 20. a3 Nexg4
21. fxg4 Bxg4 22. Rg1 Bh5 23. Nf5 Rc5 24. Nxe7+ Kf8 25. Nd5 Nxe4 26. Rxh7 a4
27. Ba2 Bf3 28. Nf6 Rc7 29. Rxg6 1-0

[Event "96th YMCA Autumn A"]
[Site "Warszawa"]
[Date "2011.12.09"]
[Round "11"]
[White "Kaczorowski, Piotr"]
[Black "Krawczyk, Cezary"]
[Result "1-0"]
[WhiteElo "2093"]
[BlackElo "2098"]
[PlyCount "75"]
[EventDate "2011.09.29"]
[EventType "tourn"]
[EventRounds "1"]
[EventCountry "POL"]
[SourceDate "2011.10.02"]

1. a3 Nf6 2. Nf3 d5 3. d4 g6 4. e3 Bg7 5. Bd3 O-O 6. O-O b6 7. c4 dxc4 8. Bxc4
Bb7 9. Nc3 Nbd7 10. Qe2 a6 11. e4 b5 12. Ba2 c5 13. e5 Ng4 14. e6 cxd4 15. Nxd4
Nde5 16. exf7+ Kh8 17. Ne6 Qb8 18. f4 Qa7+ 19. Kh1 Nd3 20. Nd1 Nxc1 21. Rxc1
Nf6 22. Nxf8 Rxf8 23. Qe3 Qa8 24. Rc2 Be4 25. Rd2 Ng4 26. Qg3 Nh6 27. Ne3 Nxf7
28. Nd5 Qb7 29. Re1 Nd6 30. Nc3 Bf5 31. Bd5 Qc7 32. Rde2 Nc4 33. Rxe7 Qc5 34.
Qh4 Nd6 35. Rxg7 Kxg7 36. Qe7+ Kh6 37. Qxf8+ Kh5 38. Bf3+ 1-0